000 00900nam0a22002651 4500
001 RU\NLR\INFOCOMM_253\5000048089
005 20260406083827.0
035 _a(NLR Aleph) 009350860
090 _a9556943
_c9556943
100 _a20101116d1977 |||y0rusy50 ca
101 1 _afre
_crus
102 _aRU
105 _ay ||||000|y
200 1 _aTchapaev
_e[Roman]
_fDmitri Fourmanov
_g[Trad. du russe par Alice Orane et Georges Roux]
210 _aM.
_cProgrès
_d[1977]
215 _a328 с.
_d21 см
300 _aВ вып. дан.: Дмитрий Фурманов. Чапаев
686 _aШ6(2-Р)77(Франц.)
_2rubbk
700 1 _4070
_7ba
_8rus
_aFurmanov
_bD. A.
_f1891-1926
_gDmitrij Andreevič
_3RU\NLR\AUTH\770278537
_92650504
790 1 _9z02700
_aFourmanov
_bD.
_gDmitri
_4070
801 1 _aRU
_bNLR
_c20101116
801 0 _aRU
_bNLR
_gPSBO
852 _aNLR
_jЛ31 Д-3/312
942 _cBOOK
980 _aNB